00536nam a2200193 a 4500001001300000003000900013005001700022008004100039020002300080082001700103100002400120245006300144260003300207300000900240500003500249505001000284650002400294700002400318nice12345678IN_TiNIC20260116013155.0050524s1989 newa grp 000 0 eng  a0883446 c88200a230.046bMCG aMc Govern, Arthur F aLiberation Theology and Its Criticsb Toward an Assessment aNew YorkbOrbis Books c1989 a281p aincludes index and biblioraphy2 aIndex aLiberation-Theology1 aMc Govern, Arthur F